[Event "WchT 7th"]
[Site "Bursa"]
[Date "2010.01.06"]
[Round "2.3"]
[White "Banikas, Hristos"]
[Black "Tomashevsky, Evgeny"]
[Result "1-0"]
[WhiteElo "2608"]
[BlackElo "2705"]
[Annotator "Krasenkow,M"]
[PlyCount "81"]
[EventDate "2010.01.05"]
[EventType "team-tourn"]
[EventRounds "9"]
[EventCountry "TUR"]
[SourceTitle "CBM 134"]
[Source "ChessBase"]
[SourceDate "2010.01.18"]
[SourceVersion "1"]
[SourceVersionDate "2010.01.18"]
[SourceQuality "1"]
[WhiteTeam "Greece"]
[BlackTeam "Russia"]
[WhiteTeamCountry "GRE"]
[BlackTeamCountry "RUS"]

1. d4 Nf6 2. c4 e6 3. Nf3 b6 4. g3 Bb7 5. Bg2 Be7 6. Nc3 O-O 7. Qc2 c5 8. d5
exd5 9. Nh4 (9. Ng5 {is more common here.}) 9... b5 {For this line - see CBM
111, annotations to Kamsky - Adams by GM L.Ftacnik.} (9... Na6 10. cxd5 d6 11.
O-O Re8 12. Nf5 $14 {1-0 Gereben,E-Eigler,F/HUN-ch 1946 (30)}) (9... Nc6 $5 {
will be probably be paid more attention now:} 10. cxd5 Nd4 (10... Nb4 11. Qd1
d6 12. a3 Na6 13. Nf5 Re8 14. O-O $14 {0-1 Bergraser,V-Raizman,M/Nice 1938/EXT
1999/[ChessBase] (48)}) 11. Qd1 Ne8 (11... b5 $5 12. e3 b4 $132) 12. Nf3 Nxf3+
13. Bxf3 d6 14. O-O Nc7 15. a4 a6 16. Qb3 Qd7 (16... b5 $5) 17. e4 b5 18. Re1
Bf6 19. Bf4 Rab8 20. Rad1 $14 {1-0 Ilincic,Z (2520)-Hoang Thanh Trang (2455)/
Budapest 2004/CBM 102 ext (43)}) (9... g6 $5 10. cxd5 d6 11. O-O Nbd7 (11...
Qd7 12. e4 b5 13. f4 b4 14. Nd1 Na6 15. Ne3 $14 {1-0 Ruban,V-Giddins,S/
Antwerpen op 1993/EXT 93op (27)}) (11... a6 12. f4 Nbd7 13. e4 Ne8 14. Nf3 b5
15. b3 Bf6 16. Bb2 Bg7 17. a4 $14 {1-0 Barkhagen,J (2456)-Engqvist,T (2365)/
Stockholm 2001/CBM 085 (33)}) 12. a4 Re8 (12... c4 $5) 13. h3 Bf8 14. b3 Bg7
15. Bb2 a6 16. Rad1 Bc8 17. e4 Rb8 18. f4 b5 $132 {1/2 Wagner,C (2379)-Del Rio
Angelis,S (2509)/France 2002/EXT 2003 (33)}) 10. cxd5 $1 (10. b3 $2 Nc6 $1 11.
Nxb5 d4 12. O-O Nb4 13. Qb1 Bxg2 14. Nxg2 d5 $1 $17 {0-1 Kamsky,G (2686)-Adams,
M (2707)/Wijk aan Zee 2006/CBM 111/[Ftacnik] (40)}) (10. cxb5 a6 $1 (10... Qb6
$2 11. Nf5 Re8 {0-1 Avrukh,B (2525)-Stefansson,H (2540)/Antwerp 1998/EXT 1999 
(41)} 12. Bg5 $16 {H.Stefansson}) 11. Nf5 axb5 12. Bg5 Na6 13. O-O (13. Nxb5
Bc6 14. Nc3 h6 15. Bxf6 Bxf6 $15 {1/2 Sturua,Z (2600)-Mchedlishvili,M (2416)/
Batumi 2001/EXT 2002 (24)}) 13... Nc7 14. Rfd1 Bc6 15. Bxf6 Bxf6 16. Nxd5 Nxd5
17. Bxd5 Qe8 18. e4 g6 19. Nd6 Qe7 20. Qxc5 Bxb2 21. Bxc6 dxc6 $11 {1/2
Onischuk,A (2664)-Tomashevsky,E (2658)/Dagomys 2008/CBM 124 (31)}) 10... b4 11.
Nf5 $3 $146 {[%mdl 8] An excellent novelty, which must bring the whole 7.Qc2
system back on top.} (11. d6 Bxg2 12. dxe7 Qxe7 13. Nxg2 bxc3 14. O-O (14. bxc3
Qe4 $1 $15) 14... cxb2 15. Bxb2 d6 16. Ne3 Nbd7 $15 {0-1 Agaragimov,D (2219)
-Aroshidze,L (2500)/Baku 2007/CBM 118 ext (24)}) (11. Ne4 Nxe4 12. Qxe4 g6 $13)
11... d6 (11... bxc3 $2 12. Nxe7+ Qxe7 13. d6 $1 Qe4 14. Bxe4 Bxe4 15. Qxc3
Bxh1 16. f3 $16 {[%csl Rh1]}) 12. Ne4 $1 Nxd5 (12... Nxe4 13. Bxe4 Nd7 14. a3
$1 $14) 13. O-O {[%csl Rd6,Ge4,Gf5][%cal Gg2b7,Rf1d1] White's powerful knights
exert tremendous pressure; Black's material advantage is temporary.} Na6 (13...
g6 $5 {should be checked, e.g.} 14. Nxe7+ Qxe7 15. Rd1 Nd7 16. Nxd6 $1 Qxd6 17.
e4 $14) 14. Rd1 Nac7 15. Nxc5 $1 dxc5 16. e4 $16 {White regains the pawn in a
favorable version, keeping his f5-knight.} Nb5 17. exd5 Bd6 18. Be3 Rc8 19.
Rac1 c4 20. Qe2 Qf6 21. Nxd6 (21. Bh3 $18 {[%cal Rc1c4]}) 21... Nxd6 22. Bxa7 {
White has won a pawn and converts his material advantage without major
problems:} Rfe8 23. Qc2 Qd8 24. Bh3 f5 25. Be3 Qd7 26. Bf4 g6 27. Bf1 Ba6 28.
b3 cxb3 29. Qxb3 Bxf1 30. Rxf1 Nf7 31. d6 g5 32. Bxg5 Qxd6 33. Bf4 Qa6 34. Rxc8
Rxc8 35. Re1 Ra8 36. Qd5 Rd8 37. Qxf5 Qxa2 38. Bg5 Ra8 39. Bf6 Qc4 40. Re4 Qc1+
41. Kg2 1-0

[Event "WchT 12th"]
[Site "Astana"]
[Date "2019.03.12"]
[Round "7.3"]
[White "Lenderman, Aleksandr"]
[Black "Andreikin, Dmitry"]
[Result "1/2-1/2"]
[WhiteElo "2637"]
[BlackElo "2725"]
[Annotator "Krasenkow,M"]
[PlyCount "60"]
[EventDate "2019.03.05"]
[EventType "team-tourn"]
[EventRounds "9"]
[EventCountry "KAZ"]
[SourceTitle "CBM 189"]
[Source "ChessBase"]
[SourceDate "2019.04.29"]
[SourceVersion "1"]
[SourceVersionDate "2019.04.29"]
[SourceQuality "1"]
[WhiteTeam "United States"]
[BlackTeam "Russia"]
[WhiteTeamCountry "USA"]
[BlackTeamCountry "RUS"]

{[%evp 0,60,19,25,27,-14,1,4,38,-16,22,14,13,16,20,8,17,13,0,-12,0,0,1,-16,-16,
-13,-5,-14,-11,-11,-32,-8,-8,-29,-22,-18,-14,-14,-23,-48,-45,-48,-21,-25,0,0,0,
0,0,0,0,0,0,0,0,0,0,0,0,0,0,0,0]} 1. d4 Nf6 2. c4 e6 3. Nf3 b6 4. g3 Bb7 5. Bg2
Be7 6. O-O O-O 7. Re1 c6 $6 8. Nc3 {White rejects the immediate e2-e4, after
which the game transposes to a Catalan setup with a strange move Rf1-e1.} (8.
e4 $1 d5 9. e5 Ne4 10. cxd5 (10. h4 c5 11. cxd5 exd5 12. Nc3 Na6 (12... Nc6 13.
Be3 Qd7 14. dxc5 Nxc3 15. bxc3 bxc5 16. Rb1 Rad8 17. Bf4 $14 {1-0 (36) Van
Wely,L (2653)-Ivanov,A (2538) Philadelphia 2010}) 13. Be3 f6 14. exf6 Bxf6 15.
Ng5 Nxg5 16. hxg5 {1/2 (16) Greenfeld,A (2559)-Werle,J (2565) Groningen 2009})
(10. Nfd2 Nxd2 11. Nxd2 Na6 12. cxd5 cxd5 13. Nf3 Nb8 14. h4 a5 15. a3 Ba6 16.
Bg5 Re8 17. Rc1 Ra7 $11 {1/2 (46) Schlosser,P (2508)-Tratar,M (2456)
Schwarzach 2017}) (10. Be3 Na6 11. Nbd2 c5 12. cxd5 Nxd2 13. Nxd2 Bxd5 14. Ne4
cxd4 15. Bxd4 Nc5 $11 {1/2 (27) Ibragimov,I (2602)-Ehlvest,J (2640) Stillwater
2007}) (10. Bf4 Nd7 $6 {[%csl Rd7]} (10... Na6) (10... c5) 11. cxd5 cxd5 12.
Nbd2 Nxd2 13. Qxd2 a5 14. Rec1 Ba6 15. Bf1 Bxf1 16. Kxf1 b5 {1-0 (39) Svane,R 
(2529)-Derakhshani,D (2307) Doha 2015} 17. h4 $36) 10... cxd5 11. Nbd2 Nxd2 12.
Bxd2 Nc6 (12... Ba6 $5) 13. h4 Qd7 14. h5 h6 15. Bf1 f5 16. exf6 Bxf6 17. Bf4
Qf7 18. Bh3 Bc8 19. Bg4 $16 {1-0 (52) Aronian,L (2763)-Gelfand,B (2723)
Yerevan 2008}) 8... d5 9. Nd2 (9. Bf4 dxc4 10. Ne5 Nd5 11. Nxc4 Nxf4 12. gxf4
Nd7 13. e3 Nf6 14. a4 Qc7 15. a5 c5 $11 {1-0 (58) Abasov,N (2544)-Derakhshani,
D (2365) Wijk aan Zee 2015}) 9... b5 $1 $146 {[%mdl 8] An energetic move
solving Black's problems.} (9... Nbd7 10. e4 dxe4 11. Ndxe4 Nxe4 12. Nxe4 Nf6 {
1-0 (39) Arenas Vanegas,D (2369)-Boni,C ICC INT 2009} 13. Be3 $14) 10. cxb5 (
10. c5 {is more ambitious but Black is still OK after} e5 ({or} 10... Nbd7 $5
11. f4 a5 {with a solid position}) 11. dxe5 Nfd7 12. e4 d4 13. Ne2 Nxe5 $13)
10... cxb5 11. Nxb5 Qb6 {Black regains the pawn on d4.} 12. Nc3 ({or} 12. Qb3
Bc6 13. Nc3 Qxd4) 12... Qxd4 13. e4 {This break leads to simplifications,
nothing more. That's because White has lost time in the opening (9.Nd2) and
has no development advantage.} Na6 14. exd5 Nxd5 15. Nxd5 Bxd5 16. Nb3 Qxd1 17.
Rxd1 Bxg2 18. Kxg2 Bf6 19. Rd7 Nb4 20. Nc5 Rfb8 {Black is satisfied with a
draw but he could have played on after, say,} (20... Rfd8) 21. Ne4 Nc2 22.
Nxf6+ gxf6 23. Rb1 Na3 24. Ra1 Nc2 25. Rb1 Na3 26. Ra1 Nc2 27. Rb1 Na3 28. Ra1
Nc2 29. Rb1 Na3 30. Ra1 Nc2 1/2-1/2

[Event "Moscow Aeroflot op-A"]
[Site "Moscow"]
[Date "2007.02.18"]
[Round "5"]
[White "Sasikiran, Krishnan"]
[Black "Sadvakasov, Darmen"]
[Result "0-1"]
[WhiteElo "2700"]
[BlackElo "2615"]
[Annotator "Krasenkow,M"]
[PlyCount "86"]
[EventDate "2007.02.14"]
[EventType "swiss"]
[EventRounds "9"]
[EventCountry "RUS"]
[SourceTitle "CBM 117"]
[Source "ChessBase"]
[SourceDate "2007.03.30"]
[SourceVersion "1"]
[SourceVersionDate "2007.03.30"]
[SourceQuality "1"]

1. d4 Nf6 2. Nf3 e6 3. g3 b6 4. Bg2 Bb7 5. c4 Be7 6. Nc3 Ne4 7. Bd2 O-O 8. d5
f5 9. Qc2 exd5 10. Nxd5 Nc6 11. O-O a5 12. Rad1 Bf6 {This line was reviewed by
GM S.Tiviakov in the annotations to his game vs B.Gelfand (CBM 111).} 13. a3 $5
$146 {[%mdl 8] A new move preventing ...Nc6-b4. Black can now fix the
queenside by ...a5-a4 but White doesn't fear that as the a4 pawn will be quite
weak..} (13. Be3 Nb4 14. Qb1 Nxd5 15. cxd5 g6 16. Qc2 Rc8 17. Nd4 Ba6 (17...
Nd6 $142 $11 {S.Tiviakov}) 18. Bxe4 fxe4 19. Qxe4 Qe8 20. Qc2 Qe5 21. Qb3 $14 {
1/2-1/2 Gelfand,B-Tiviakov,S/Wijk aan Zee 2006/CBM 111 (29)}) 13... a4 14. Be3
d6 15. Nd2 Nxd2 16. Rxd2 g6 $2 {[%mdl 8192] A tactical oversight.} (16... Kh8
17. Rfd1 Ne5 $14) 17. Nxf6+ (17. c5 $1 {was perhaps even stronger:} bxc5 (17...
dxc5 18. Nxb6) 18. b4 $3 {Wow!!!} Bd4 19. bxc5 dxc5 20. Nf4 $16 {and Black's
position is in ruins.}) 17... Qxf6 18. Bd5+ Rf7 $8 {Alas...} 19. Rd3 (19. f3 {
was quite appropriate to gag Black's strong bishop.}) 19... Nd8 20. Bd4 Qe7 21.
Re3 (21. Bxf7+ Qxf7 22. f3 $16) 21... Qd7 22. Qd2 (22. Bxf7+ Nxf7 23. f3 {
was still possible. White decides on a positional advantage, instead of
material.}) 22... Bxd5 23. cxd5 {[%csl Gd4]} Nb7 24. Bc3 {[%cal Rd2d4]} h6 25.
Re6 Kh7 26. Qe3 $6 ({The energetic} 26. e4 $1 {was appropriate:} fxe4 (26...
Nc5 27. exf5 Rxf5 28. Re3 Re8 29. Rfe1) 27. Rxe4 Nc5 28. Re3 (28. Rh4 $6 h5)
28... Re8 29. Rfe1 $16 (29. Rxe8 Qxe8 30. Re1 Re7 31. Rxe7+ Qxe7 32. Qf4 $16))
26... Nc5 27. Rd1 $6 {It was time to get rid of this knight:} (27. Bd4) 27...
Qd8 {Black is preparing to capture the e6 rook.} 28. Rd4 $6 (28. Bd4 Nxe6 29.
dxe6 f4 $1 30. gxf4 Rf5 $15) 28... Qg5 $6 (28... Nxe6 29. dxe6 Re7 $4 30. Qxh6+
$1 Kxh6 31. Rh4+ Kg5 32. f4#) (28... Qf8 $1 {was correct, trapping the e6 rook
without sufficient compensation for White.}) 29. Qf3 {White doesn't understand
that his advantage has gone. The initiative gradually passes to Black.} (29.
Qxg5 hxg5 30. Re3 $11) 29... Raf8 30. Bd2 $2 {White fails to find the best
arrangement of pieces in the new situation. Or perhaps he overlooks his
opponent's reply.} (30. Rh4 $1 h5 $1 (30... Nxe6 31. dxe6 Re7 32. Qd5) 31. e3
$1 $13 Nxe6 $140 32. dxe6 Re7 33. Qd5 Rfe8 34. Rc4 $44) 30... f4 $1 31. Qc3 (
31. Bxf4 Qf5 32. e4 Qh3 $17) 31... Nxe6 32. dxe6 Re7 33. Rc4 {Panic!} (33. Bxf4
$142 Qf6 34. Be3 c5 35. Rxd6 Rxe6 36. Rd7+ Rf7 {At least White gets a pawn for
the exchange.}) 33... c5 34. Rxa4 Qf6 {Black is an exchange up and confidently
wins:} 35. Qd3 Qxe6 36. Bxf4 d5 37. Ra6 Qxe2 38. Qxe2 Rxe2 39. Rxb6 g5 40. Rb7+
Kg6 41. Bd6 Rfxf2 42. Bxc5 Rg2+ 43. Kf1 Rxb2 0-1

[Event "EU-ch 11th"]
[Site "Rijeka"]
[Date "2010.03.12"]
[Round "7"]
[White "Kozul, Zdenko"]
[Black "Alekseev, Evgeny V"]
[Result "0-1"]
[WhiteElo "2602"]
[BlackElo "2700"]
[Annotator "Krasenkow,M"]
[PlyCount "58"]
[EventDate "2010.03.06"]
[EventType "swiss"]
[EventRounds "11"]
[EventCountry "CRO"]
[SourceTitle "CBM 136"]
[Source "ChessBase"]
[SourceDate "2010.05.18"]
[SourceVersion "1"]
[SourceVersionDate "2010.05.18"]
[SourceQuality "1"]

1. d4 Nf6 2. Nf3 e6 3. c4 b6 4. g3 Bb7 5. Bg2 Be7 6. O-O O-O 7. d5 exd5 8. Nh4
c6 9. cxd5 Nxd5 10. Nf5 Nc7 11. e4 d5 12. Nc3 Nba6 13. Re1 Re8 (13... Bf6 {
is a less logical alternative in this gambit variation - see Straub -
Kosashvili in CBM 89 (annotations by GM L.Ftacnik)}) 14. exd5 {Or else:} (14.
Qg4 Bf6 15. Bf4 Bc8 $1 16. exd5 (16. e5 Bxf5 17. Qxf5 Be7 18. Rad1 Ne6 $15 {
0-1 Engqvist,T (2380)-Ochsner,T (2300)/Stockholm 1996/EXT 2001 (56)}) 16...
Rxe1+ (16... Bxf5 $142 17. Qxf5 Bxc3 18. bxc3 Nxd5 19. Rxe8+ Qxe8 20. Bxd5 cxd5
21. Qxd5 Nc5 $11) 17. Rxe1 Bxf5 18. Qxf5 g6 (18... Bxc3 19. bxc3 Nxd5 20. Bg5
$44) 19. Qd3 cxd5 20. Nxd5 Nxd5 21. Qxa6 Nxf4 22. Bxa8 Qxa8 23. gxf4 Qf3 24.
Qa3 Qg4+ 25. Qg3 Qf5 26. b3 $16 {1-0 Cummings,D (2375)-Smith,J (2200)/Cardiff
1997/EXT 2000 (37)}) (14. Bf4 Bf8 (14... Bc5 $5 15. h4 $6 (15. Qg4 Qf6) (15.
exd5 Rxe1+ 16. Qxe1 cxd5 17. Rd1 Qf6 $11) 15... Bc8 16. a3 Bxf5 17. exf5 Rxe1+
18. Qxe1 Qf6 $17 {0-1 Zlotnik,B (2430)-Radocaj,D (2255)/Novi Sad 1988/EXT 1997
(43)}) 15. Qg4 (15. exd5 Rxe1+ 16. Qxe1 Nxd5 17. Nxd5 cxd5 $11 18. Qe5 $6 Qd7
$15 {0-1 Vavrak,P (2245)-Oral,T (2435)/Slovakia 1997/EXT 1999 (22)}) 15... Qf6
16. Qh3 $6 (16. exd5 cxd5 17. Ne3 $44) 16... Bc8 17. g4 Bxf5 18. gxf5 Bd6 $17 {
1/2 Ris,R (2364)-Kabatianski,A (2432)/Netherlands 2007/EXT 2008 (43)}) 14...
cxd5 (14... Nxd5 $5 15. Nxd5 cxd5 16. Bf4 Nc5 17. Bxd5 Bxd5 18. Nxe7+ Rxe7 19.
Rxe7 Qxe7 20. Qxd5 Rd8 {1/2 Seres,L (2444)-Balogh,V (2182)/Budapest 2000/CBM
078 ext}) 15. Bf4 (15. Qg4 $5 g6 (15... Bf6 16. Rxe8+ Nxe8 17. Bf4 $44) 16.
Nh6+ Kg7 17. Bd2 $44 Qc8 $140 18. Qf4) 15... Bf8 16. Qg4 Qf6 (16... g6 17. Nh6+
Bxh6 18. Bxh6 $44 {[%csl Rg8]}) 17. Nh6+ (17. Ne3 {[%cal Ya1d1] was a safer
option.}) 17... Kh8 18. Qd7 $2 (18. Qf5 $1 Qxf5 19. Nxf5 Rxe1+ 20. Rxe1 Rd8 21.
Rd1 {with a probable draw.}) 18... gxh6 $1 $146 {This simple move practically
refutes White's operation.} (18... Bc6 $2 {gives White the upper hand:} 19.
Qxf7 Rxe1+ 20. Rxe1 Qxf7 21. Nxf7+ Kg8 22. Ne5 Re8 23. Rd1 Ba8 24. Nxd5 $16 {
1-0 Grandelius,N (2491)-Drei,A (2278)/Palau 2009/CBM 130 Extra (58)}) 19. Bxc7
Bc6 $1 20. Nxd5 $8 Qg6 21. Qh3 Bxd5 22. Bxd5 Nxc7 23. Bxa8 Rxa8 {, and Black
easily consolidated his forces and converted his material advantage:} 24. Rad1
Ne6 25. Kh1 Rc8 26. f4 Rc2 27. f5 Qf6 28. Qf1 Qxb2 29. Rd5 Ng5 0-1

[Event "EU-Cup 22nd"]
[Site "Fuegen"]
[Date "2006.10.14"]
[Round "7.2"]
[White "Mamedyarov, Shakhriyar"]
[Black "Jakovenko, Dmitrij"]
[Result "1-0"]
[WhiteElo "2728"]
[BlackElo "2671"]
[Annotator "Krasenkow,M"]
[PlyCount "45"]
[EventDate "2006.10.08"]
[EventType "team-swiss"]
[EventRounds "7"]
[EventCountry "AUT"]
[SourceTitle "CBM 115"]
[Source "ChessBase"]
[SourceDate "2006.11.15"]
[SourceVersion "1"]
[SourceVersionDate "2006.11.15"]
[SourceQuality "1"]
[WhiteTeam "Cheboksary"]
[BlackTeam "Tomsk 400"]
[WhiteTeamCountry "RUS"]
[BlackTeamCountry "RUS"]

1. d4 Nf6 2. c4 e6 3. Nf3 b6 4. g3 Bb7 5. Bg2 Be7 6. O-O O-O 7. d5 exd5 8. Nh4
c6 9. cxd5 Nxd5 10. Nf5 Nc7 11. e4 d5 12. Re1 dxe4 13. Nc3 $5 Bc8 14. Nxe7+
Qxe7 {This line was examined in CBM 60, annotations to Piket-Van der Wiel.
Later GM Shakhriyar Mamedyarov found an improvement for White, which he
applies in this game, too.} 15. Nxe4 (15. Bxe4 Be6 16. Bf4 Rd8 17. Qh5 h6 18.
Re3 (18. Rad1 Nba6 19. Bxc6 Rxd1 20. Qxd1 Rd8 21. Qa4 Qb4 22. Qc2 Qc5 23. Be4
Nb4 24. Qe2 Ncd5 25. Nxd5 Nxd5 26. Rd1 Rd7 $11 {0-1 Schebler,G-Jedynak,R/
Pardubice 2005/CBM 107 ext (53)}) 18... Ne8 19. Bf5 $6 (19. Rae1 $5 $44 {
Tisdall}) 19... Nd7 $1 20. Rae1 Nf8 21. Qf3 Rac8 22. h4 Qf6 23. Bc2 Ng6 24.
Rxe6 fxe6 25. Rxe6 Qxe6 26. Bb3 Nxf4 $1 27. gxf4 Rd5 28. Nxd5 Qg6+ $1 29. Kh2
cxd5 30. Qxd5+ Kf8 {0-1 Piket,J-Van der Wiel,J/Rotterdam 1997/CBM 060/[Tisdall]
}) 15... Ne6 16. Qh5 Nd7 $146 {An unsuccessful novelty.} (16... h6 17. Bd2 f5
18. Nc3 Rd8 19. Rad1 Qf7 20. Qe2 $6 (20. Qxf7+ Kxf7 21. Be3 $44) 20... Na6 21.
Qc4 $6 Nac5 22. Bxc6 Ba6 23. Qh4 Rd4 24. Bf4 Bb7 25. Bd5 Bxd5 26. Nxd5 Ng5 27.
Rxd4 Nf3+ $17 {1-0 Mamedyarov,S-Gomez,J/Oropesa del Mar 2001/EXT 2002 (31)})
17. Bg5 f6 18. Bf4 $1 {White has no good square for this bishop; therefore, it
is quite logical to trade it.} Nxf4 {Otherwise 19.Bd6.} (18... Ba6 19. Bd6 Qf7
20. Qxf7+ Rxf7 21. Rad1 $16) 19. gxf4 Qb4 (19... g6 20. Qd1 $5 {[%cal Re4d6]})
20. Rad1 Rb8 {This quickly loses.} (20... g6 21. Qh4 $16) (20... f5 $142 21.
Nd6 Nf6 22. Qg5 Ne4 23. Nxe4 fxe4 24. Bxe4 Qc5 (24... Bb7 $2 25. Bxh7+ Kxh7 26.
Re7 Qxb2 27. Rdd7) 25. Qxc5 bxc5 26. Bxc6 $16) 21. Nd6 {[%cal Rd6c8,Rg2c6,
Rg2e4]} Nc5 22. Bxc6 Be6 23. Bd5 {Huge material losses are inevitable.} 1-0

[Event "Corus"]
[Site "Wijk aan Zee"]
[Date "2002.01.25"]
[Round "11"]
[White "Lautier, Joel"]
[Black "Timman, Jan H"]
[Result "1-0"]
[WhiteElo "2687"]
[BlackElo "2605"]
[Annotator "Lautier,J"]
[PlyCount "89"]
[EventDate "2002.01.12"]
[EventType "tourn"]
[EventRounds "13"]
[EventCountry "NED"]
[EventCategory "18"]
[SourceTitle "CBM 087"]
[Source "ChessBase"]
[SourceDate "2002.03.21"]
[SourceVersion "1"]
[SourceVersionDate "2002.03.21"]
[SourceQuality "1"]

1. d4 Nf6 2. c4 e6 3. Nf3 b6 4. g3 Bb7 5. Bg2 Be7 6. O-O O-O 7. Re1 d5 8. cxd5
exd5 9. Nc3 Na6 10. Bf4 c5 11. dxc5 Nxc5 12. Rc1 Nce4 13. Be5 Re8 $5 {/\ Nf2}
14. Bd4 (14. Bh3 Bc8 $1 15. Bxc8 Rxc8 16. Bd4 (16. Qa4 Bc5 17. e3 (17. Bd4 Ng4)
17... Ng4 18. Nxe4 dxe4 19. Qxe4 Nxe5 20. Nxe5 Bd6 21. f4 Bxe5 22. fxe5 Qd2 $36
) 16... Qd7 $11) 14... Rc8 15. Bh3 Rc4 (15... Rc7 $5 16. Nb5 (16. e3 Bb4 17.
Qb3 Bxc3 18. Bxc3 Nxc3 19. Rxc3 Rxc3 20. Qxc3 Ne4 (20... d4 21. Nxd4 Qd5 22. f3
Qxa2 23. e4 $14) 21. Qc2 d4 22. Nxd4 Ng5 23. Bg2 Bxg2 24. Kxg2 Qd5+ 25. f3 Qxa2
$11) 16... Rxc1 17. Qxc1 Bc5 (17... Bb4 18. Rd1 Ba6 19. Qc6 Qa8 20. Qxa8 Rxa8
21. a4 $14) 18. Qf4 (18. Nxa7 Qa8 19. Nb5 Qxa2 $11) 18... Ba6 19. a4 $13) 16.
Nxe4 Nxe4 17. e3 (17. Rxc4 dxc4 18. Qa4 Nc5 (18... Bc5 19. Rd1 Qe7 20. Qxc4 Nf6
21. Bxc5 bxc5 22. Bf1 $14) 19. Qxc4 Bf6 $44) 17... Bc8 $1 18. Bg2 (18. Bxc8
Qxc8 19. b3 Rxc1 20. Qxc1 Qf5 21. Kg2 Rc8 $15) (18. Bf1 Rxc1 (18... Bg4 19.
Rxc4 (19. Bxc4 $2 dxc4 20. h3 Bxh3 21. Qa4 Qa8 $15) 19... dxc4 20. h3 Be6 21.
Qa4 $13) 19. Qxc1 Bb4 20. Rd1 Bg4 21. Bg2 Qc8 (21... Ng5 22. Nxg5 Qxg5 (22...
Bxd1 $2 23. Nxf7 $1 Kxf7 24. Qxd1 $16) 23. Qc6 Rc8 24. Qb7 Qe7 25. Qxe7 Bxe7
26. Re1 Be6 27. Bc3 b5 $11) 22. Qxc8 Rxc8 23. h3 Be6 (23... Bxf3 24. Bxf3 Rc2
25. Bxe4 dxe4 26. Bc3 Bf8 27. Rd8 $36) 24. Bf1 Bd6 $11) 18... Bg4 $2 (18... Bb4
$1 19. Re2 (19. Rxc4 dxc4 20. Re2 b5 $11 (20... Bg4 21. h3 $14)) 19... Rxc1 20.
Qxc1 Ba6 21. Rc2 Bd3 22. Rc6 (22. Rc7 $6 Bd6 (22... Bc5 $6 23. Rxa7 Qb8 (23...
Bb5 24. b4 $16) 24. Rd7 $36) 23. Rxa7 (23. Rc6 Qd7 $15) 23... Qb8 24. Rd7 Bb5
$15) 22... Bc5 (22... Bb5 23. Rc2 Bd3 $11) 23. Bh3 Ba6 (23... Qa8 24. Rc7 Bd6 (
24... Qb8 25. Be5 $132 (25. Rd7 Be2 $15)) 25. Rc8 $11) 24. Bxc5 Nxc5 25. Nd4 (
25. b4 Bb7 26. Rxc5 bxc5 27. bxc5 Qc7 28. Nd4 Ba6 $15) 25... Bb7 26. Rxc5 bxc5
27. Qxc5 Qb6 28. b4 $13) 19. Rxc4 dxc4 20. Qa4 $16 Bc5 21. Ne5 (21. Qxc4 $4
Bxf3 22. Bxf3 Nd2 23. Qe2 Nxf3+ 24. Qxf3 Bxd4 25. Rd1 Qf6 $19) (21. Bxc5 $5
Nxc5 22. Qxc4 Be6 (22... Bxf3 23. Bxf3 Qd2 (23... Qf6 24. Bd5 $16) 24. Qe2 $16)
23. Qc2 Qd3 24. Rc1 $1 $16) (21. Rd1 $5 Qe7 22. Qxc4 $16) 21... Bxd4 22. exd4
Nf6 (22... Nd6 23. Re3 $1 Be6 24. d5 Bf5 25. Qxa7 $16) (22... Nxf2 $5 23. Qxa7
(23. Kxf2 $2 Qxd4+ 24. Kf1 (24. Re3 $2 Rxe5 $19) 24... Re6 $1 25. h3 (25. Qxa7
Rf6+ 26. Nf3 g5 $1 27. Qa8+ Kg7 28. h3 Qd3+ 29. Kf2 Qd4+ 30. Re3 Qd2+ 31. Re2
Qd4+ $11) 25... Bxh3 $1 26. Qd1 (26. Bxh3 $2 Rf6+ $19) 26... Bxg2+ (26... Rf6+
$2 27. Nf3 Qxd1 28. Rxd1 Rxf3+ 29. Ke2 Rd3 30. Bxh3 $16) 27. Kxg2 Qxb2+ 28. Re2
Qb5 29. Nxc4 Qc6+ 30. Kf2 h6 $11) (23. Qxc4 $5 Be6 24. d5 Nh3+ 25. Bxh3 Bxh3
26. d6 Be6 27. Qc7 $36) 23... Bh5 (23... Rxe5 24. dxe5 (24. Rxe5 $2 Nh3+ 25.
Bxh3 Qxd4+ 26. Kg2 Qxb2+ 27. Kg1 Qd4+ $11) 24... Nd3 25. Re4 Nxe5 26. h3 Bc8
27. Qb8 f6 28. Kh2 $16) 24. Qa4 (24. Kxf2 $2 Qxd4+ 25. Kf1 f6 26. Bc6 (26. Nf3
$2 Qd3+ 27. Kf2 Rxe1 28. Kxe1 Qe3+ 29. Kf1 Bxf3 $17) 26... fxe5 27. Bxe8 Qd3+
28. Kg1 Qd4+ $11) 24... Ng4 25. Qxc4 $16) 23. Qxc4 (23. Qxa7 Qxd4 (23... Be6 $6
24. Nc6 Bh3 (24... Qd6 25. Qxb6 $18) 25. Rxe8+ Qxe8 26. Ne7+ Kf8 27. Bxh3 Qxe7
28. Qxb6 $18) 24. Qxf7+ Kh8 25. Ng6+ hxg6 26. Rxe8+ Nxe8 27. Qxe8+ Kh7 $16)
23... Be6 24. Qa4 Qd6 $2 (24... a5 $16) 25. Ng4 $1 $18 Bxg4 26. Rxe8+ Nxe8 27.
Qxe8+ Qf8 28. Qc6 $2 (28. Qxf8+ $2 Kxf8 29. Kf1 Ke7 30. Ke1 Kd6 31. Kd2 Be6 32.
a3 a5 $16) (28. Qe5 $1 Qd8 (28... Qc8 29. Bb7 $1 Qd8 30. d5 $18) 29. d5 f6 30.
Qf4 Bc8 31. Qb8 $18) 28... Qc8 $1 $16 29. Qc3 $1 (29. d5 Qxc6 30. dxc6 Kf8 31.
b4 b5) 29... h6 (29... Qxc3 $5 30. bxc3 Be6 31. a3 Kf8 32. Bf1 a5 (32... Ke7 $2
33. Ba6 $1 Kd6 34. Kf1 Kc6 35. c4 Kd6 36. Ke2 Bd7 37. Kd3 $18 {/\ Kc3-b4,
a4-a5, c5}) 33. Bb5 Ke7 34. Kf1 Kd6 35. Ke2 Bh3 36. Ke3 $16) 30. a3 Be6 31. Qd2
Bf5 32. h4 $1 (32. d5 Qc2) 32... Qc7 (32... Qc2 33. Qf4 $36) (32... Kf8 33.
Qb4+ (33. d5 $5)) (32... f6 $142 33. d5 $16) 33. Qe3 $1 {/\ Qe5} Kf8 (33... f6
$2 34. Qe8+ Kh7 35. Bd5 $18) 34. Qe5 $1 Qxe5 35. dxe5 $18 Ke7 36. f4 f6 (36...
g5 37. Kf2 gxf4 38. gxf4 f6 39. Ke3 $18) 37. exf6+ Kxf6 38. Bf3 g5 $6 39. fxg5+
hxg5 40. g4 Bh7 41. h5 Ke5 42. Bb7 $1 {/\ Bc8, h6, Bf5} Kf4 43. Bc8 a5 44. Kf2
Be4 45. h6 1-0